| 000 | 00882nam a22002897a 4500 | ||
|---|---|---|---|
| 001 | BR8403679 | ||
| 003 | BR-BrBNA | ||
| 005 | 20230928091956.0 | ||
| 007 | ta | ||
| 008 | 230509b bl.||||| |||| 00| 0 por d | ||
| 040 |
_aBR-BrBNA _bpor _cBiblioteca Nacional de Agricultura |
||
| 041 | _a(Por) | ||
| 072 |
_aE70; P05 _b8905 _b/G514 |
||
| 090 | _ 8905 BR8403679 | ||
| 110 | 1 |
_aAssociacao Brasileira de Carvao Vegetal, Belo Horizonte, MG (Brasil) _9214 |
|
| 245 | 1 | _aBoletim informativo 1984 [Associacao Brasileira de Carvao Vegetal, Minas Gerais, Brasil] | |
| 260 | 3 |
_aBelo Horizonte, MG (Brasil): _c1984. |
|
| 300 | _a8 p. | ||
| 500 | _a19 tables; 8 graphs; Map, 16x20cms | ||
| 650 | _aCARVAO VEGETAL | ||
| 650 | _aESTATISTICA DE PRODUCAO | ||
| 650 | _aPRECO | ||
| 650 | _aEXPORTACAO | ||
| 650 | _aMINAS GERAIS | ||
| 909 |
_a202309 _bLucia _c55 _dLucia Elande |
||
| 942 | _cBK | ||
| 999 |
_c36505 _d36505 |
||